Komoditní a teritoriální struktura zahraničního obchodu Slovensko

Postavenie zahraničného obchodu na Slovensku. Komoditná štruktúra zahraničného obchodu v SR s vybranými integračnými zoskupeniami za rok 1995. Obrat zahraničného obchodu, saldo obchodnej bilancie, vývoz, dovoz. Zahraničný obchod Slovenska s Českou republikou.

Na minha lista:
Detalhes bibliográficos
Autor principal: Smreková, Marta
Formato: Capítulo de Livro
Idioma:tcheco
Assuntos:
Tags: Adicionar Tag
Sem tags, seja o primeiro a adicionar uma tag!

MARC

LEADER 00000naa a2200000 4500
001 r020477
005 20230920091627.5
041 0 |a cze 
044 |a CZ 
245 1 0 |a Komoditní a teritoriální struktura zahraničního obchodu  |b Slovensko  |c Marta Smreková 
520 |a Postavenie zahraničného obchodu na Slovensku. Komoditná štruktúra zahraničného obchodu v SR s vybranými integračnými zoskupeniami za rok 1995. Obrat zahraničného obchodu, saldo obchodnej bilancie, vývoz, dovoz. Zahraničný obchod Slovenska s Českou republikou. 
610 2 0 |a obchod zahraničný 
610 2 0 |a komodity 
610 2 0 |a vývoz 
610 2 0 |a dovoz 
610 2 0 |a obrat obchodu zahraničného 
610 2 0 |a bilancia obchodná 
610 2 0 |a saldo 
610 2 0 |a Slovensko 
610 2 0 |a Česko 
610 2 0 |a 1995 
100 1 |a Smreková, Marta